Методика определения элементного состава лекарственных растений флоры Сибири; Перспективы развития фундаментальных наук; Т. 2 : Химия

Bibliographic Details
Parent link:Перспективы развития фундаментальных наук=Prospects of Fundamental Sciences Development: сборник научных трудов XIV Международной конференции студентов, аспирантов и молодых ученых, г. Томск, 25-28 апреля 2017 г./ Национальный исследовательский Томский политехнический университет (ТПУ) ; под ред. И. А. Курзиной, Г. А. Вороновой.— , 2017
Т. 2 : Химия.— 2017.— [С. 337-339]
Main Author: Рабцевич Е. С.
Other Authors: Обухова А. (научный руководитель), Отмахо В. И.
Summary:Заглавие с экрана
The development of methods for medicinal plants analysis on regulated impurities are presented in this work. Physical-chemical researches were carried out on the preparation stage to evaluate matrix influence. We have offered the way how to take into account matrix influence using certified reference material. Precertification procedure was carried out.
Language:Russian
Published: 2017
Subjects:
Online Access:http://earchive.tpu.ru/handle/11683/44557
Format: MixedMaterials Electronic Book Chapter
KOHA link:https://koha.lib.tpu.ru/cgi-bin/koha/opac-detail.pl?biblionumber=624890

MARC

LEADER 00000naa2a2200000 4500
001 624890
005 20231101133333.0
035 |a (RuTPU)RU\TPU\conf\24150 
035 |a RU\TPU\conf\24148 
090 |a 624890 
100 |a 20171204d2017 k y0rusy50 ca 
101 0 |a rus  |d eng 
102 |a RU 
105 |a y z 100zy 
135 |a drcn ---uucaa 
181 0 |a i  
182 0 |a b 
200 1 |a Методика определения элементного состава лекарственных растений флоры Сибири  |d The technique for elemental analysis of Siberia medicinal plants  |f Е. С. Рабцевич, А. Обухова  |g науч. рук. В. И. Отмахо 
203 |a Текст  |c электронный 
230 |a 1 компьютерный файл (pdf; 267 Kb) 
300 |a Заглавие с экрана 
320 |a [Библиогр.: с. 339 (3 назв.)] 
330 |a The development of methods for medicinal plants analysis on regulated impurities are presented in this work. Physical-chemical researches were carried out on the preparation stage to evaluate matrix influence. We have offered the way how to take into account matrix influence using certified reference material. Precertification procedure was carried out. 
461 1 |0 (RuTPU)RU\TPU\conf\21388  |t Перспективы развития фундаментальных наук  |l Prospects of Fundamental Sciences Development  |o сборник научных трудов XIV Международной конференции студентов, аспирантов и молодых ученых, г. Томск, 25-28 апреля 2017 г.  |o в 7 т.  |f Национальный исследовательский Томский политехнический университет (ТПУ) ; под ред. И. А. Курзиной, Г. А. Вороновой  |d 2017 
463 1 |0 (RuTPU)RU\TPU\conf\21390  |t Т. 2 : Химия  |v [С. 337-339]  |d 2017 
510 1 |a The technique for elemental analysis of Siberia medicinal plants  |z eng 
610 1 |a электронный ресурс 
610 1 |a соединения 
610 1 |a растительное сырье 
610 1 |a неорганические компоненты 
610 1 |a фармакологические средства 
610 1 |a спектроаналитические методы 
610 1 |a эмиссионные спектры 
700 1 |a Рабцевич  |b Е. С. 
701 1 |a Обухова  |b А. 
702 1 |a Отмахо  |b В. И.  |4 727 
801 2 |a RU  |b 63413507  |c 20171206  |g RCR 
856 4 |u http://earchive.tpu.ru/handle/11683/44557 
942 |c BK